Longs métrages Disney par personnages #1 - Statistiques

Statistiques générales
  • Ce quiz a été pris 689 fois
  • Le résultat moyen est 14 sur 20
Statistiques - réponses
Personnages Films % Correct
Rafiki, Pumbaa, Simba Le Roi Lion
100%
Le Miroir Magique, Simplet, Le Chasseur Blanche-Neige et les Sept Nains
99%
Wendy, M. Mouche, Clochette Peter Pan
96%
Mushu, Shang, Chien-Po Mulan
95%
Mowgli, Baloo, Shere Khan Le Livre de la jungle
91%
Tweedle Dee, Chapelier toqué, L'As Alice au pays des merveilles
90%
Aurore, Maléfique, Pimprenelle La Belle au bois dormant
90%
Pascal, Mère Gothel, Flynn Rider Raiponce
88%
Figaro, Stromboli, Geppetto Pinocchio
85%
Tiana, Louis, Prince Naveen La Princesse et la Grenouille
83%
Isabela Madrigal, Dolores Madrigal, Bruno Madrigal Encanto
80%
Judy Hopps, Flash, Dawn Bellwether Zootopie
71%
Lady, Darling, Peg La Belle et le Clochard
63%
Hiro Hamada, GoGo Tomago, Baymax Les Nouveaux Héros
62%
Archimède, Moustique, Madame Mim Merlin l'Enchanteur
53%
Penny, Mme Médusa, Orville Les Aventures de Bernard et Bianca
35%
Jumba, Nani, Capitaine Gantu Lilo et Stitch
35%
Professeur Ratigan, Olivia Flaversham, Dr David Q. Dawson Basil, détective privé
28%
Jim Hawkins, Amelia, John Silver La Planète au trésor
28%
Valentino, Magnifico, Star Wish : Asha et la Bonne Étoile
28%
Aucun quiz correspondant
Distribution des résultats
% des personnes avec chaque résultat
Percentile par nombre de réponses
Votre historique - résultats
Vous n’avez pas pris ce quiz